LEADER 00942nam a2200241 i 4500 001 000000155734 003 CaOOAMICUS 005 20070116000000.0 008 070116s1985 it u000 u ita u 013 $a133088 040 $aSeMil$bita 245 10$aS. Maria delle Grazie e il Cenacolo Vinciano /$cP. Angelo M. Caccin o.p. 250 $a4. Ed. 260 $aMilano :$bEdizioni «Le Grazie»,$c1985. 300 $a111 p. :$briccamente ill. ;$c24 cm. 500 $aFondo Card. Giovanni Colombo. 650 4$aMilano - Chiese - Santa Maria delle Grazie.$0(OLS)http://semarc/subject/46308 850 $aSeMil 852 $aSeMil$W1$xVenegono$y1$m5J VI 168$j107562$B107562$CSeMilBibl$Z2$F117077 $81 941 1 $a3 961 $aLascito: Colombo Card. Giovanni 996 $6245$aS. Maria delle Grazie e il Cenacolo Vinciano$9(OLS)http://semarc/title/228132 996 $6260$aMilano :$bEdizioni «Le Grazie»$9(OLS)http://semarc/publisher/48286 LEADER 01026nam a2200265 i 4500 001 000000165145 003 CaOOAMICUS 005 20071009000000.0 008 071009s1977 it u000 u ita u 013 $a142513 040 $aSeMil$bita 100 1 $aMazzariol, Ferruccio,$d<1939->.$0(OLS)http://semarc/name/20012 245 10$aNicola Lisi viaggiatore incantato /$cFerruccio Mazzariol. 260 $aForlì :$bForum,$c1977. 300 $a233 p. ;$c22 cm. 490 0 $aQuinta generazione : saggistica ;$v1. 500 $aFondo Card. Giovanni Colombo. 600 14$aLisi, Nicola <1893-1975>.$0(OLS)http://semarc/subject/31358 830 0$aQuinta generazione ;$v1.$0(OLS)http://semarc/title/24401 850 $aSeMil 852 $aSeMil$W1$xVenegono$y1$m1E V 36$j116341$B116341$CSeMilBibl$Z2$F128581 $81 941 1 $a3 961 $aLascito: Colombo Card. Giovanni 996 $6245$aNicola Lisi viaggiatore incantato$9(OLS)http://semarc/title/235706 996 $6260$aForlì :$bForum$9(OLS)http://semarc/publisher/31253